| 000 | 01152cab a2200253 4500 | ||
|---|---|---|---|
| 001 | X1658 | ||
| 008 | 090401t1994 xxu||||| |||| 00| 0 eng d | ||
| 035 | _a(Sirsi) u18473 | ||
| 041 | _aeng | ||
| 245 | _aBroads Authority and Allman | ||
| 260 | _c1994 | ||
| 350 | _a0 | ||
| 490 |
_aPlanning Appeal Decisions _v(1994) 9 PAD 536-539(4) |
||
| 520 | _aDecision letter 12 March 1994. Enforcement notice - fence removed by Boards Authority - terms of confirmed Discontinuance order - authority contends empowered to do so under terms of Order on appellant failing to do so - fence re-erected - Article 4 direction removed right for appelant to re-erect - planning policy - permission not granted for replacement on appeal - question on site owners remedy not a matter for Inspector determining an appeal against enforcement notice. | ||
| 650 | _aENFORCEMENT NOTICE | ||
| 650 | _aFENCING | ||
| 650 | _aGENERAL DEVELOPMENT ORDER | ||
| 650 | _aPLANNING AND COMPENSATION ACT 1991 | ||
| 650 | _aPLANNING APPEAL | ||
| 650 | _aTOWN AND COUNTRY PLANNING ACT 1990 | ||
| 690 | _aPLANNING LAW AND PRACTICE-CASE LAW | ||
| 942 | _n0 | ||
| 948 | _c04/03/1997 | ||
| 999 |
_c12282 _d12282 |
||